Library Banner

مدرانڈیا (Record no. 67962)

MARC details
000 -LEADER
fixed length control field 00412nam a22001457a 4500
005 - DATE AND TIME OF LATEST TRANSACTION
control field 20150317123635.0
008 - FIXED-LENGTH DATA ELEMENTS--GENERAL INFORMATION
fixed length control field 150317b xxu||||| |||| 00| 0 eng d
040 ## - CATALOGING SOURCE
Transcribing agency PK-LaUMT
082 ## - DEWEY DECIMAL CLASSIFICATION NUMBER
Classification number KHC 954.0357
Item number MIS-M
100 ## - MAIN ENTRY--PERSONAL NAME
Personal name مس کتھرائن میو
245 ## - TITLE STATEMENT
Title مدرانڈیا
Remainder of title مادرہند
Statement of responsibility, etc مس کتھرائن میو
260 ## - PUBLICATION, DISTRIBUTION, ETC. (IMPRINT)
Place of publication, distribution, etc لاہور
Name of publisher, distributor, etc کڑک پریس
Date of publication, distribution, etc [N.D]
300 ## - PHYSICAL DESCRIPTION
Extent 640 ص
942 ## - ADDED ENTRY ELEMENTS (KOHA)
Koha item type Books
Holdings
Withdrawn status Lost status Damaged status Home library Current library Date acquired Full call number Barcode Date last seen Price effective from Koha item type
      UMT Main Campus UMT Main Campus 2015-03-17 KHC 954.0357 MIS-M 73847 2015-03-17 2015-03-17 Books